Handbook of industrial organization, Volume 4 / (Record no. 172222)

MARC details
000 -LEADER
fixed length control field 01083cam a2200301 a 4500
001 - CONTROL NUMBER
control field 18381813
003 - CONTROL NUMBER IDENTIFIER
control field OSt
005 - DATE AND TIME OF LATEST TRANSACTION
control field 20250801115452.0
008 - FIXED-LENGTH DATA ELEMENTS--GENERAL INFORMATION
fixed length control field 880727m19899999ne a bf 001 0 eng
020 ## - INTERNATIONAL STANDARD BOOK NUMBER
International Standard Book Number 9780323915137 (Hardcover)
040 ## - CATALOGING SOURCE
Original cataloging agency DLC
Language of cataloging eng
Transcribing agency NUST
Modifying agency NUST
Description conventions rda
050 00 - LIBRARY OF CONGRESS CALL NUMBER
Classification number HD2326 HAN
245 00 - TITLE STATEMENT
Title Handbook of industrial organization, Volume 4 /
Statement of responsibility, etc. edited by Katherine Ho, Ali Hortaçsu and Alessandro Lizzeri.
260 ## - PUBLICATION, DISTRIBUTION, ETC.
Place of publication, distribution, etc. Amsterdam, Netherlands :
Name of publisher, distributor, etc. North Holland,
Date of publication, distribution, etc. ©2021.
300 ## - PHYSICAL DESCRIPTION
Extent xxiii, 762 pages :
Other physical details Illustrations ;
Dimensions 25 cm.
336 ## - CONTENT TYPE
Content type term text
Content type code txt
Source rdacontent
337 ## - MEDIA TYPE
Media type term unmediated
Media type code n
Source rdamedia
338 ## - CARRIER TYPE
Carrier type term volume
Carrier type code nc
Source rdacarrier
440 ## - SERIES STATEMENT/ADDED ENTRY--TITLE
Title Handbooks in economics.
504 ## - BIBLIOGRAPHY, ETC. NOTE
Bibliography, etc. note Includes bibliographical references and index.
650 #0 - SUBJECT ADDED ENTRY--TOPICAL TERM
Form subdivision Industries -- Land use -- Labor.
650 #0 - SUBJECT ADDED ENTRY--TOPICAL TERM
Form subdivision Industrial organization (Economic theory).
650 #0 - SUBJECT ADDED ENTRY--TOPICAL TERM
Form subdivision Industry.
700 ## - ADDED ENTRY--PERSONAL NAME
Personal name Ho, Katherine
Relator term Editor
700 ## - ADDED ENTRY--PERSONAL NAME
Personal name Hortaçsu, Ali
Relator term Editor
700 ## - ADDED ENTRY--PERSONAL NAME
Personal name Lizzeri, Alessandro
Relator term Editor
942 ## - ADDED ENTRY ELEMENTS (KOHA)
Source of classification or shelving scheme Library of Congress Classification
Koha item type Ordinary Loan Books
Classification part HD2326 HAN
Call number prefix HD
Call number suffix HAN
Suppress in OPAC No
Holdings
Withdrawn status Lost status Source of classification or shelving scheme Damaged status Not for loan Collection Home library Current library Shelving location Date acquired Source of acquisition Cost, normal purchase price Total Checkouts Full call number Barcode Date last seen Accession number Cost, replacement price Price effective from Koha item type Public note
    LCC     NFIC MAIN MAIN GEN 07/10/2025 Book Aid International 150.00   HD2326 HAN 92004057882 07/10/2025 63152 150.00 07/10/2025 BOOKS Donation